| 000 | 00501cam a2200181ua 4500 | ||
|---|---|---|---|
| 001 | 2943 | ||
| 008 | 110919n ii |||gr||||Z||||||asm | ||
| 040 | _cMAIN | ||
| 082 | _a920 | ||
| 100 | 1 |
_aKalita, samin, _eAuthor. |
|
| 245 | 1 | 1 |
_aEsha pundharagaraki bikhista byaktir jivan panje _cby Samin Kalita |
| 250 | _a1st. | ||
| 260 |
_aGuahati: _bBinapani Prakash. |
||
| 300 |
_a126p: _c23cm. |
||
| 653 | _aBiography | ||
| 653 | _aBiography of Esha pundharagaraki bikhista byaktir jivan panje | ||
| 942 | _cBK | ||
| 999 |
_c2791 _d2791 |
||